Statistiken für Nautische Wörter Quiz

Klicken Sie hier um das Quiz zu spielen!

Allgemein

  • Dieses Quiz wurde 129 mal gespielt
  • Das Durchschnittsergebnis liegt bei 16 aus 26

Antwortstatistiken

DefinitionWort% Korrekt
LinksBackbord
97%
RechtsSteuerbord
96%
Hinterer Teil des SchiffesHeck
95%
Vorderer Teil des SchiffesBug
95%
Dies wird heruntergelassen, um Ort und Stelle zu haltenAnker
88%
Turm, der die Segel trägtMast
88%
KücheKombüse
85%
Geländer des SchiffesReling
85%
Rundes FensterBullauge
83%
Revolte gegen den Käpt'nMeuterei
83%
SchiffstagebuchLogbuch
77%
Dem Wind zugewandte SeiteLuv
76%
Bestrafung durch Zerren unter dem Kiel durchKielholen
65%
KüchenchefSmutje
65%
Nautische Version von "Hey!"Ahoi
64%
Heißgetränk aus Rum, gegeben als RationGrog
56%
Am Grund verankerter SchwimmkörperBoje
53%
Trockenes Biscuit, das auf langen Reisen gebraucht wirdHartkeks
51%
Schweres Material, das der Stabilisierung dientBallast
44%
"Befehlshaber zur See"Admiral
40%
Betriebsunfähigkeit aufgrund eines SchadensHavarie
32%
Fläche zur Beförderung von LadungFrachtraum
22%
Schwimmende WrackteileTreibgut
19%
Umgangssprachlich für Käpt'n, Gilligans InselSkipper
13%
Wellen, die durch ein Schiff erzeugt werdenKielwasser
9%
Über Bord geworfenes MaterialStrandgut
5%

Verteilung der Resultate

Perzentil nach korrekt beantworteten Fragen

Anzahl Personen mit jedem Resultat

Ihre Resultats-Entwicklung

Sie haben dieses Quiz noch nicht gespielt